000 01097cam a22002651i 4500
003 SA-RiAUC
005 20250105151049.0
008 250104s1989 ||| g 000 0 ara c
040 _aSA-JeALM
_bara
_cSA-RiAUC
_erda
043 _ama-----
050 4 _bB3. 1989
082 0 4 _a276.6
090 _a276.6
_b ب س ا
100 1 _aالبساطي، أحمد سعد الدين
_eمؤلف.
245 1 2 _aالتبشير وأثره في البلاد العربية والإسلامية /
_cأحمد سعد الدين البساطي.
264 1 _aالقاهره :
_bدار ابو المجد للطباعة،
_bاحمد سعدالدين البساطي
_c1989
300 _a240 صفحة
_c24 سم
336 _aنص
_btxt
_2rdacontent
_3كتاب
337 _aبدون وسيط
_bn
_2rdamedia
338 _aمجلد
_bnc
_2rdacarrier
650 7 _aالإرساليات التبشيرية
_zالبلاد العربية
_2aucsh
650 7 _aالإرساليات التبشيرية
_zالبلاد الإسلامية
_2aucsh
942 _2ddc
_cBOOK
_n0
949 _aSA-JeALM
_d250104
_uosman123
_n1
999 _c4496
_d4496